[Event "Mlada Boleslav Region-ch"]
[Site "Mlada Boleslav"]
[Date "2015.06.20"]
[Round "3"]
[White "Nemecek, Lukas"]
[Black "Tuma, Michal"]
[Result "1-0"]
[WhiteElo "1504"]
[BlackElo "1100"]
[PlyCount "55"]
[EventDate "2015.06.20"]
[EventType "swiss"]
[EventRounds "7"]
[EventCountry "CZE"]
[SourceTitle "EXT 2017"]
[Source "ChessBase"]
[SourceDate "2016.10.25"]
[SourceVersion "1"]
[SourceVersionDate "2016.10.25"]
[SourceQuality "1"]

1. e4 e5 2. Nf3 Nc6 3. d4 Bd6 4. d5 Nb4 5. Be3 Nf6 6. Bd3 b6 7. 0-0 Ba6 8. Bxa6 Nxa6 9. Nbd2 Bc5 10. Nxe5 Bxe3 11. fxe3 Qe7 12. Ng4 Nxg4 13. Qxg4 Qb4 14. Qe2 Qxb2 15. Qxa6 Qxc2 16. Qe2 0-0 17. Qd1 Qd3 18. Rf3 Qc3 19. Rc1 Qb2 20. Qc2 Qb4 21. Nb3 f6 22. Qc4 Qd6 23. Nd4 c5 24. Nf5 Qe5 25. Rg3 Rf7 26. d6 Qb2 27. Nh6+ Kf8 28. Qxf7# 1-0

[Event "Mlada Boleslav Region-ch"]
[Site "Mlada Boleslav"]
[Date "2015.06.20"]
[Round "4"]
[White "Tuma, Michal"]
[Black "Sinagl, Matej"]
[Result "0-1"]
[WhiteElo "1100"]
[BlackElo "1205"]
[PlyCount "44"]
[EventDate "2015.06.20"]
[EventType "swiss"]
[EventRounds "7"]
[EventCountry "CZE"]
[SourceTitle "EXT 2017"]
[Source "ChessBase"]
[SourceDate "2016.10.25"]
[SourceVersion "1"]
[SourceVersionDate "2016.10.25"]
[SourceQuality "1"]

1. e4 e5 2. Nf3 Nc6 3. Bc4 Bc5 4. Nc3 Nf6 5. 0-0 d6 6. Ng5 0-0 7. Qf3 Nd4 8. Qg3 Nxc2 9. Rb1 Nd4 10. Qh4 Bb4 11. Nd5 h6 12. Nxf6+ Qxf6 13. d3 Ne2+ 14. Kh1 Nxc1 15. Rbxc1 Qxg5 16. Qxg5 hxg5 17. Rc2 Be6 18. Bxe6 fxe6 19. Rxc7 b6 20. Rfc1 d5 21. Rd7 Rxf2 22. Rcc7 Rf1# 0-1